| 000 | 00424pam a2200157a 44500 | ||
|---|---|---|---|
| 008 | 230515b2002 xxu||||| |||| 00| 0 eng d | ||
| 020 | _a0-14-303018-3 | ||
| 041 | _aENGL | ||
| 082 | _aNULL | ||
| 100 | _a"CHOMSKY NOAM.," | ||
| 245 | _aAMERICAN POWER & THE NEW MANDARINS | ||
| 250 | _a0 | ||
| 260 |
_aNEW DELHI _bPENGUIN BOOKS _c2002 |
||
| 300 | _aNULL | ||
| 650 | _a"POLITICS,POLITICAL PARTIES,AMERICAN POLITICAL PARTIES" | ||
| 999 |
_c535109 _d535109 |
||